[Event "EU-chT (Men) 21st"]
[Site "Heraklion"]
[Date "2017.10.28"]
[Round "1.2"]
[White "Can, Emre"]
[Black "Makolli, Perparim"]
[Result "1/2-1/2"]
[WhiteElo "2604"]
[BlackElo "2333"]
[PlyCount "121"]
[EventDate "2017.10.28"]
[EventType "team-swiss"]
[EventRounds "9"]
[EventCountry "GRE"]
[SourceTitle "CBM 182"]
[Source "ChessBase"]
[SourceDate "2018.01.17"]
[SourceVersion "1"]
[SourceVersionDate "2018.01.17"]
[SourceQuality "1"]
[WhiteTeam "Turkey"]
[BlackTeam "Kosovo"]
[WhiteTeamCountry "TUR"]
[BlackTeamCountry "KOS"]

1. d4 d5 2. Nf3 Nf6 3. c4 dxc4 4. e3 a6 5. Bxc4 e6 6. 0-0 c5 7. Bb3 Nc6 8. Nc3 Be7 9. dxc5 Qxd1 10. Rxd1 Bxc5 11. Bd2 0-0 12. Rac1 Ba7 13. Na4 Rd8 14. Nc5 Bxc5 15. Rxc5 Ne4 16. Rcc1 Nxd2 17. Nxd2 Kf8 18. Nc4 Rxd1+ 19. Bxd1 Bd7 20. Bf3 Ke7 21. a3 Be8 22. Kf1 Rd8 23. Ke2 Rc8 24. Rc3 Nd8 25. Kd2 Bb5 26. Na5 Rxc3 27. Kxc3 b6 28. Nc4 Bxc4 29. Kxc4 Kd6 30. a4 Nc6 31. Be2 Kc7 32. Kc3 a5 33. f4 Nb4 34. g3 Nd5+ 35. Kd4 Kd6 36. e4 Nc7 37. e5+ Kd7 38. Bc4 Ke7 39. Ke4 g6 40. g4 Ne8 41. f5 Nc7 42. Kf4 h6 43. h4 exf5 44. gxf5 gxf5 45. Kxf5 Ne8 46. Ke4 Nc7 47. b3 Ke8 48. Kf5 Ke7 49. Kg4 Kf8 50. Kf4 Ke8 51. Ke4 Kf8 52. Bf1 Ke7 53. Be2 Ne6 54. Bc4 Nc7 55. Kf5 Ne8 56. Kg4 Ng7 57. Bd5 Kf8 58. Bc4 Ke7 59. Kf3 Nf5 60. Kg4 Ng7 61. Kf4 1/2-1/2

[Event "EU-Cup 33rd"]
[Site "Antalya"]
[Date "2017.10.14"]
[Round "7.2"]
[White "Makolli, Perparim"]
[Black "Delaney, Killian"]
[Result "0-1"]
[WhiteElo "2333"]
[BlackElo "2202"]
[PlyCount "88"]
[EventDate "2017.10.08"]
[EventType "team-swiss"]
[EventRounds "7"]
[EventCountry "TUR"]
[SourceTitle "CBM 181"]
[Source "ChessBase"]
[SourceDate "2017.11.10"]
[SourceVersion "1"]
[SourceVersionDate "2017.11.10"]
[SourceQuality "1"]
[WhiteTeam "Pristina"]
[BlackTeam "Gonzaga"]
[WhiteTeamCountry "KOS"]
[BlackTeamCountry "IRL"]

1. e4 c6 2. d4 d5 3. Nc3 dxe4 4. Nxe4 Nd7 5. Nf3 Ngf6 6. Ng3 c5 7. Bc4 b5 8. Be2 e6 9. 0-0 a6 10. a4 bxa4 11. c4 cxd4 12. Nxd4 Bb7 13. Qxa4 Qb6 14. Nc2 Bc6 15. Qa5 Qb7 16. f3 Bc5+ 17. Kh1 h5 18. Bd3 h4 19. Ne2 h3 20. Ncd4 hxg2+ 21. Kxg2 Bxd4 22. Nxd4 Qb8 23. Rh1 Qd6 24. Nxc6 Qxc6 25. Be3 Rh5 26. Qa4 Qb7 27. b4 Kf8 28. Rae1 Ne5 29. Be2 Neg4 30. Bc5+ Kg8 31. h3 Ne5 32. Bd4 Ng6 33. Bxf6 gxf6 34. Kf2 a5 35. Ra1 Rb8 36. bxa5 Qa7+ 37. Kf1 Rb2 38. Rg1 Rxh3 39. c5 Qxc5 40. Qe4 f5 41. Rxg6+ fxg6 42. Qxe6+ Kg7 43. Kg2 Rh5 44. Rd1 Rh2+ 0-1

[Event "EU-Cup 33rd"]
[Site "Antalya"]
[Date "2017.10.10"]
[Round "3.2"]
[White "Makolli, Perparim"]
[Black "Valeanu, Eduard Andrei"]
[Result "0-1"]
[WhiteElo "2333"]
[BlackElo "2423"]
[PlyCount "148"]
[EventDate "2017.10.08"]
[EventType "team-swiss"]
[EventRounds "7"]
[EventCountry "TUR"]
[SourceTitle "CBM 181"]
[Source "ChessBase"]
[SourceDate "2017.11.10"]
[SourceVersion "1"]
[SourceVersionDate "2017.11.10"]
[SourceQuality "1"]
[WhiteTeam "Pristina"]
[BlackTeam "Adare"]
[WhiteTeamCountry "KOS"]
[BlackTeamCountry "IRL"]

1. e4 c5 2. Nf3 g6 3. c3 d5 4. exd5 Qxd5 5. d4 Bg7 6. Na3 cxd4 7. cxd4 Nf6 8. Bc4 Qe4+ 9. Be3 0-0 10. Nb5 Na6 11. 0-0 Bg4 12. Be2 Nd5 13. Bd3 Qe6 14. Re1 Qd7 15. Nc3 Nac7 16. h3 Bf5 17. Bxf5 Qxf5 18. Qb3 b6 19. Nxd5 Qxd5 20. Qa3 e6 21. Rac1 Nb5 22. Qa6 Nxd4 23. Nxd4 Bxd4 24. Red1 e5 25. Bxd4 exd4 26. Rc4 Rfd8 27. Rcxd4 Qxd4 28. Rxd4 Rxd4 29. Qb7 Rdd8 30. a4 Rdb8 31. Qa6 Re8 32. Qb7 h5 33. h4 Re1+ 34. Kh2 Rae8 35. Qxa7 R8e4 36. g3 Re6 37. Qa8+ Kg7 38. Qd5 Kh7 39. Qf3 Kg7 40. Qc3+ Kg8 41. Kg2 R1e5 42. Qc8+ Kh7 43. Qd7 Rf5 44. Qd4 b5 45. a5 b4 46. Qa7 Re2 47. g4 hxg4 48. a6 Rxb2 49. Qb7 Rbxf2+ 50. Kg1 b3 51. a7 b2 52. a8Q Rf1+ 53. Kg2 b1Q 54. Qxb1 Rxb1 55. Qa3 Rb8 56. Qc3 Re8 57. Qc4 Re6 58. Qxg4 Ref6 59. Qe4 Rf4 60. Qe7 Kh6 61. Qe5 Rf2+ 62. Kg1 R2f5 63. Qe8 Kh5 64. Kg2 Rf2+ 65. Kg1 R2f4 66. Kg2 Rg4+ 67. Kh3 Rxh4+ 68. Kg3 Rg4+ 69. Kh3 Rf3+ 70. Kh2 Rgf4 71. Qe2 Kh4 72. Qe1+ Rf2+ 73. Kg1 Kh3 74. Qc3+ R2f3 0-1